000 00640nam a2200193Ia 4500
003 GCL
008 140319s9999 xx 000 0 ara d
040 _aGCL /
_cGCL
082 0 4 _a412.4
_bص ك
100 1 _aالصقلى , ابوالحسن على بن ابى
245 1 0 _aكتاب فى معرفة الضاد والظاء /
_cالصقلى , ابوالحسن على بن ابى
700 1 _aحاتم صالح الضامن
300 _a40 ص
490 _a
650 0 4 _aالاصوات اللغوية
650 0 4 _aاللغة العربية - الاشتقاق
650 0 4 _aاللغة العربية - النطق
942 _2ddc
_cBK
999 _c41573
_d41573